Score 0/26 Timer 03:00
0 Plays Today
Title Missing Word % Correct
I Want You ____Back
85.3%
I ____ the LineWalk
84.6%
I Saw Her ____ ThereStanding
84.6%
Like a ____ StoneRolling
83.5%
____ B. GoodeJohnny
82.9%
____ GirlsCalifornia
81.8%
____ RainPurple
81.2%
Proud ____Mary
69.4%
The ____ Is DeadQueen
66.7%
Sympathy for the ____Devil
64.3%
____ AmericansYoung
60.9%
I ____ LoveFeel
53.7%
____ in the UKAnarchy
53%
Title Missing Word % Correct
My ____Generation
44.6%
Rock ____Lobster
42.6%
The ____ of My TearsTracks
41.4%
Bring the ____Noise
40.1%
Just My ____Imagination
39.8%
Radio Free ____Europe
35.7%
Just Like ____Heaven
33%
(What's So Funny 'Bout) Peace, Love, and ____?Understanding
32.7%
____ StationZoo
26.8%
Green ____Onions
22.9%
Train in ____Vain
22.5%
Cortez the ____Killer
18.9%
Waltz #2 (____)XO
3.4%

Today's Daily Dose

Missing Word
I Hardly Know Her!

Word Ladder
Sentence Ending

Quick Pick
Female Firsts

Get the Picture
Triathlon Sports

Remove Ads.
Support Sporcle.
Get the best of Sporcle when you Go Orange. This ad-free experience offers more features, more stats, and more fun while also helping to support Sporcle. Thank you for becoming a member.

You're not logged in!

Compare scores with friends on all Sporcle quizzes.
OR
Log In

Show Comments

Extras

Top Quizzes Today


Score Distribution

Your Account Isn't Verified!

In order to create a playlist on Sporcle, you need to verify the email address you used during registration. Go to your Sporcle Settings to finish the process.

Report this User

Report this user for behavior that violates our Community Guidelines.

Details: